00337nam a2200109Ia 4500008004100000020001500041245008000056250000900136260003100145300001400176650003700190180309s9999 xx 000 0 und d a1582794219 4aThe new international webster's pocket dictionary of the english langauge / a2002 aUSA :b2002cTrident press a510 pages aEnglish language -- Dictionaries